00377 a2200145 4500003000400000005001700004008004100021020001800062040000900080082001700089100002900106245004500135260003300180300001800213OSt20231028122036.0231028b |||||||| |||| 00| 0 eng d a9789354826214 coclc a612.6bMEN/R aMenon, Nalappat Narayana aRATHISAMRAJYAM /cNalapat Narayana Menon aKottayam:bD C Books,c2023. a544 p,c21 cm